| 000 | 00867nam a22003017a 4500 | ||
|---|---|---|---|
| 003 | CHAP | ||
| 005 | 20220329134758.0 | ||
| 008 | 971013s1968 r 00010 d | ||
| 010 | _a25759 | ||
| 011 | _a26731 | ||
| 035 | _a30832 | ||
| 040 | _cCHAP | ||
| 082 |
_a551.5 _bI5 |
||
| 245 | _aInternational atlas of West Africa | ||
| 250 | _a1968 | ||
| 260 |
_aDakar : _bOrganisation of African Unity, _c1968 |
||
| 300 | _as.p. | ||
| 590 |
_aBATCH-UPD _b10 _c20130110 _lUCH01 _h1939 |
||
| 590 |
_aBATCH-UPD _b10 _c20130410 _lUCH01 _h1302 |
||
| 590 |
_aBATCH-UPD _b10 _c20130914 _lUCH01 _h2113 |
||
| 590 |
_aCONVERSION _b10 _c20130109 _lUCH01 _h1315 |
||
| 650 | 1 | 4 |
_aClima _xAfrica. _923812 |
| 650 | 1 | 4 |
_aZoogeografĂa. _9124148 |
| 650 | 1 | 4 |
_aZoologĂa _xAfrica. _9124152 |
| 901 | _aBK | ||
| 942 | _cLIBRO | ||
| 949 |
_a551.5 I5 _bBC _cC _d33724002054926 _eC _h47004 _i30832 _mD _sb |
||
| 999 |
_c25759 _d25759 |
||